00538nam a2200181Ia 4500100002100000650000800021250000600029942000700035366000700042654002000049245005900069260001600128082001800144300000800162546001200170999001700182952015700199 aVeseghi/Saeed V  aDSP a3 cRB f20 anoise reduction aAdvanced digital signal processing and noise reduction bWileyc2006 a621.3822bVES a453 aENGLISH c26761d26761 001040708CRCaCRCEbCRCEd2023-03-17eMahavir Book Supplierg6412.00i130 dt 24/04/2009l0o621.3822 VESp19707r2023-03-17v8015.00w0000-00-00yRB